|
|
|
|
| LEADER |
02350nam a2200529 i 4500 |
| 001 |
EBC4002311 |
| 003 |
MiAaPQ |
| 005 |
20200520144314.0 |
| 006 |
m o d | |
| 007 |
cr cnu|||||||| |
| 008 |
151104t19941994gw o 001 0 ger d |
| 020 |
|
|
|z 9783486560022
|
| 020 |
|
|
|a 9783486708080 (e-book)
|
| 035 |
|
|
|a (MiAaPQ)EBC4002311
|
| 035 |
|
|
|a (Au-PeEL)EBL4002311
|
| 035 |
|
|
|a (CaPaEBR)ebr11096152
|
| 035 |
|
|
|a (CaONFJC)MIL833708
|
| 035 |
|
|
|a (OCoLC)927489007
|
| 040 |
|
|
|a MiAaPQ
|b eng
|e rda
|e pn
|c MiAaPQ
|d MiAaPQ
|
| 041 |
|
|
|a ger
|a eng
|
| 043 |
|
|
|a e-gx---
|a n-us---
|
| 050 |
|
4 |
|a DD257.4
|b .P685 1994
|
| 082 |
0 |
|
|a 943.087/4
|2 20
|
| 100 |
1 |
|
|a Pollock, James K.
|q (James Kerr),
|d 1898-1968,
|e author.
|
| 245 |
1 |
0 |
|a Besatzung und Staatsaufbau nach 1945 :
|b occupation diary and private correspondence 1945-1948 /
|c James K. Pollock ; herausgegeben von Ingrid Kruger-Bulcke.
|
| 264 |
|
1 |
|a Munich, [Germany] :
|b R. Oldenbourg Verlag,
|c 1994.
|
| 264 |
|
4 |
|c 1994
|
| 300 |
|
|
|a 1 online resource (412 pages).
|
| 336 |
|
|
|a text
|2 rdacontent
|
| 337 |
|
|
|a computer
|2 rdamedia
|
| 338 |
|
|
|a online resource
|2 rdacarrier
|
| 490 |
1 |
|
|a Biographische Quellen zur Zeitgeschichte ;
|v Band 14
|
| 500 |
|
|
|a Includes index.
|
| 546 |
|
|
|a In German and English.
|
| 588 |
|
|
|a Description based on print version record.
|
| 590 |
|
|
|a Electronic reproduction. Ann Arbor, MI : ProQuest, 2015. Available via World Wide Web. Access may be limited to ProQuest affiliated libraries.
|
| 600 |
1 |
0 |
|a Pollock, James K.
|q (James Kerr),
|d 1898-1968
|v Diaries.
|
| 650 |
|
0 |
|a Reconstruction (1939-1951)
|z Germany.
|
| 651 |
|
0 |
|a Germany
|x History
|y 1945-1955.
|
| 651 |
|
0 |
|a Germany
|x Relations
|z United States.
|
| 651 |
|
0 |
|a United States
|x Relations
|z Germany.
|
| 655 |
|
4 |
|a Electronic books.
|
| 700 |
1 |
|
|a Kruger-Bulcke, Ingrid,
|e editor.
|
| 776 |
0 |
8 |
|i Print version:
|a Pollock, James K. (James Kerr), 1898-1968.
|t Besatzung und Staatsaufbau nach 1945 : occupation diary and private correspondence 1945-1948.
|d Munich, [Germany] : R. Oldenbourg Verlag, c1994
|h vi, 404 pages
|k Biographische Quellen zur Zeitgeschichte ; Band 14.
|z 9783486560022
|w 94137663
|
| 797 |
2 |
|
|a ProQuest (Firm)
|
| 830 |
|
0 |
|a Biographische Quellen zur Zeitgeschichte ;
|v Band 14.
|
| 856 |
4 |
0 |
|u https://ebookcentral.proquest.com/lib/matrademy/detail.action?docID=4002311
|z Click to View
|